Rural sociology and social sciences, សង្គមវិទ្យាជនបទ និងវិទ្យាសាស្រ្តសង្គមផ្សេងៗ (Record no. 9739)

000 -LEADER
fixed length control field 00393nam a22001217a 4500
040 ## - CATALOGING SOURCE
Transcribing agency SY
082 ## - DEWEY DECIMAL CLASSIFICATION NUMBER
Classification number 301
100 ## - MAIN ENTRY--AUTHOR NAME
Personal name គុយ​ សុផល
245 ## - TITLE STATEMENT
Title Rural sociology and social sciences, សង្គមវិទ្យាជនបទ និងវិទ្យាសាស្រ្តសង្គមផ្សេងៗ
260 ## - PUBLICATION, DISTRIBUTION, ETC. (IMPRINT)
Place of publication RUA
Name of publisher គុយ
Year of publication 1998
300 ## - PHYSICAL DESCRIPTION
Number of Pages 131p.
942 ## - ADDED ENTRY ELEMENTS (KOHA)
Koha item type សៀវភៅភាសាខ្មែរ
952 ## - LOCATION AND ITEM INFORMATION (KOHA)
Withdrawn status [LOCAL, KOHA] 0
Holdings
Permanent Location Date acquired Koha item type Lost status Shelving location Barcode Current Location Full call number
Library Block C2016-09-08សៀវភៅភាសាខ្មែរ C065RUA44283Library Block C301 គុយ 1998 C065
មជ្ឈមណ្ឌលឯការនៃសាកលវិទ្យាល័យភូមិន្ទកសិកម្មចំការដូង

Powered by Koha